Tilastot visalle Valtioita neliöissä maailmankartalla

Klikkaa tästä pelataksesi tätä visaa!

Yleistilastot

  • Tätä visaa on pelattu 961 kertaa
  • Keskiarvotulos 118 / 127

Vastaukset kartalla

Vastauksille on annettu kartalla punavihreä väri sen mukaan, kuinka moni on saanut sen oikein.
 

Vastaustilastot

Neliö% Oikein
Norja | Ruotsi | Suomi | Venäjä | Viro | Latvia | Liettua | Valko-Venäjä | Ukraina | Puola | Tanska | Saksa
100%
Norja | Ruotsi | Suomi | Venäjä
99%
Ukraina | Venäjä | Armenia | Georgia | Azerbaidžan | Turkki | Iran | Kazakstan
99%
Venäjä | Kazakstan | Kirgisia | Tadžikistan | Uzbekistan | Afganistan | Kiina | Mongolia
99%
Venäjä | Kazakstan | Turkmenistan | Tadžikistan | Uzbekistan | Iran | Kirgisia | Afganistan
99%
Venäjä | Kiina | Mongolia
99%
Venäjä | Kiina | Mongolia | Etelä-Korea | Pohjois-Korea
99%
Venäjä | Suomi | Valko-Venäjä | Ukraina | Kazakstan
99%
Yhdysvallat | Kanada
99%
Yhdysvallat | Meksiko
99%
Dominikaaninen tasavalta | Yhdysvallat | Grenada | Trinidad ja Tobago | Antigua ja Barbuda | Saint Kitts ja Nevis | Saint Vincent ja Grenadiinit | Barbados | Venezuela | Alankomaat | Ranska | Saint Lucia | Dominica
98%
Espanja | Portugali | Marokko | Mauritania | Algeria | Tunisia | Mali | Libya
98%
Intia | Bangladesh | Myanmar | Thaimaa | Laos | Kiina | Vietnam | Kambodža
98%
Iran | Turkmenistan | Afganistan | Pakistan | Tadžikistan | Uzbekistan | Qatar | Saudi-Arabia | Yhdistyneet arabiemiirikunnat | Oman | Intia
98%
Irlanti | Yhdistynyt kuningaskunta | Belgia | Alankomaat | Saksa | Tanska | Norja
98%
Kanada
98%
Kanada | Tanska
98%
Kiina | Bhutan | Bangladesh | Intia | Myanmar
98%
Kiina | Taiwan | Etelä-Korea | Japani
98%
Kiina | Taiwan | Filippiinit
98%
Portugali | Espanja | Ranska | Andorra | Monaco | Yhdistynyt kuningaskunta | Italia | Sveitsi | Liechtenstein | Itävalta | Saksa | Belgia | Alankomaat | Luxemburg
98%
Tadžikistan | Pakistan | Afganistan | Intia | Kiina | Nepal | Bangladesh | Bhutan
98%
Tunisia | Italia | Malta | Kreikka | Turkki | Egypti | Libya | Algeria
98%
Turkki | Syyria | Kypros | Egypti | Israel | Libanon | Jordania | Saudi-Arabia | Kuwait | Irak | Iran | Bahrain | Qatar
98%
Venäjä
98%
Venäjä | Kazakstan
98%
Venäjä | Kiina
98%
Venäjä | Kiina | Japani
98%
Venäjä | Mongolia
98%
Yhdysvallat
98%
Yhdysvallat | Bahama
98%
Argentiina | Uruguay | Brasilia
97%
Australia
97%
Australia | Indonesia | Itä-Timor
97%
Australia | Indonesia | Papua-Uusi-Guinea
97%
Australia | Vanuatu | Ranska
97%
Brasilia
97%
Brasilia | Bolivia | Peru
97%
Brasilia | Paraguay | Argentiina | Chile | Bolivia | Peru
97%
Costa Rica | Panama | Kolumbia | Venezuela | Brasilia | Peru | Ecuador | Nicaragua
97%
Ecuador | Peru | Brasilia | Kolumbia | Bolivia
97%
Egypti | Sudan | Etelä-Sudan | Eritrea | Djibouti | Somalia | Etiopia | Saudi-Arabia | Jemen
97%
Intia | Bangladesh
97%
Intia | Sri Lanka | Malediivit
97%
Kolumbia | Venezuela | Brasilia | Guyana | Ranska | Trinidad ja Tobago | Suriname
97%
Kuuba | Bahama | Dominikaaninen tasavalta | Haiti | Jamaika | Belize | Guatemala | Honduras | El Salvador | Nicaragua | Costa Rica | Kolumbia | Venezuela | Alankomaat | Meksiko
97%
Malawi | Mosambik | Madagaskar | Zimbabwe | Swazimaa | Etelä-Afrikka
97%
Meksiko | Guatemala | El Salvador | Belize
97%
Namibia | Angola | Sambia | Zimbabwe | Etelä-Afrikka | Lesotho | Botswana
97%
Saksa | Slovakia | Tšekki | Puola | Ukraina | Moldova | Romania | Bulgaria | Kreikka | Turkki | Pohjois-Makedonia | Italia | Vatikaanivaltio | San Marino | Slovenia | Itävalta | Unkari | Kroatia | Bosnia ja Hertsegovina | Albania | Montenegro | Kosovo | Serbia
97%
Saudi-Arabia | Yhdistyneet arabiemiirikunnat | Oman | Jemen | Intia | Pakistan
97%
Sudan | Etelä-Sudan | Etiopia | Kenia | Uganda | Tansania | Somalia | Kongon demokraattinen tasavalta
97%
Tanska | Islanti
97%
Chile | Argentiina
96%
Chile | Argentiina | Yhdistynyt kuningaskunta
96%
Etelä-Afrikka | Lesotho
96%
Kenia | Tansania | Mosambik | Komorit | Madagaskar | Malawi | Sambia | Ranska
96%
Libya | Egypti | Sudan | Tšad | Nigeria | Niger | Kamerun | Algeria | Keski-Afrikan tasavalta
96%
Meksiko
96%
Peru | Bolivia | Chile | Argentiina
96%
Sudan | Etelä-Sudan | Kongon demokraattinen tasavalta | Kongon tasavalta | Ruanda | Uganda | Keski-Afrikan tasavalta | Tšad | Kamerun | Nigeria | Gabon | Päiväntasaajan Guinea | Burundi | Tansania
95%
Etelä-Afrikka
94%
Marokko | Mauritania | Espanja
94%
Vietnam | Kambodža | Myanmar | Malesia | Thaimaa | Singapore | Indonesia
94%
Algeria | Mali | Mauritania | Guinea | Burkina Faso | Ghana | Togo | Benin | Nigeria | Niger
93%
Filippiinit | Brunei | Malesia | Indonesia
93%
Guinea | Liberia | Norsunluurannikko | Mali | Burkina Faso | Ghana | Togo | Benin | Nigeria | Kamerun | Gabon | São Tomé ja Príncipe | Päiväntasaajan Guinea
93%
Japani
93%
Tanska
93%
Kap Verde | Marokko | Mauritania | Mali | Senegal | Gambia | Guinea | Guinea-Bissau
92%
Kongon tasavalta | Kongon demokraattinen tasavalta | Burundi | Ruanda | Tansania | Angola | Sambia | Zimbabwe | Mosambik | Gabon
92%
Palau | Mikronesia | Indonesia
92%
Indonesia
91%
Islanti | Irlanti
90%
Uusi-Seelanti
90%
Mikronesia | Nauru | Marshallinsaaret | Kiribati
84%
Kiribati | Tuvalu | Samoa | Fidži
79%
Guinea | Sierra Leone | Liberia
75%
Mauritius | Ranska
75%
Papua-Uusi-Guinea | Salomonsaaret | Vanuatu
75%
Kiribati | Marshallinsaaret
71%
Fidži | Tonga
68%
Kiribati
65%
Seychellit
62%
Portugali
61%
Somalia
61%
Marshallinsaaret
57%
Ecuador
48%
Gabon
41%

Tulosjakauma

Persentiili vastausten määrän mukaan

Jokaisen tuloksen saaneiden osuus

Tuloshistoriasi

Et ole pelannut tätä visaa